HARVARD BUSINESS REVIEW ON EFFECTIVE COM (Record no. 2745)

MARC details
000 -LEADER
fixed length control field 00322nam a2200121Ia 4500
008 - FIXED-LENGTH DATA ELEMENTS--GENERAL INFORMATION
fixed length control field 240624s9999 xx 000 0 und d
041 ## - LANGUAGE CODE
Language code of text/sound track or separate title eng
082 ## - DEWEY DECIMAL CLASSIFICATION NUMBER
Classification number 658.45 HBR
100 ## - MAIN ENTRY--PERSONAL NAME
Personal name HARVARD BUSINESS REVIEW
245 ## - TITLE STATEMENT
Title HARVARD BUSINESS REVIEW ON EFFECTIVE COM
260 ## - PUBLICATION, DISTRIBUTION, ETC.
Place of publication, distribution, etc. Boston
Name of publisher, distributor, etc. Harvard Businesss School Press
365 ## - TRADE PRICE
Currency code
Holdings
Withdrawn status Lost status Damaged status Not for loan Home library Current library Shelving location Date acquired Source of acquisition Cost, normal purchase price Total Checkouts Total Renewals Total Holds Full call number Barcode Date last seen Date last checked out Copy number Price effective from Koha item type
        IMTN IMTN Rack 32-A 11/17/2005 AP 19.50 3 1 2805 658.45 HBR 2745 07/28/2025 07/19/2025 1 06/24/2024 Books
Designed & Maintained by: LRC IMT Nagpur Contact: lrc@imtnag.ac.in© 2024. All Rights Reserved.